| 000 | 01989nam0a2200373 4500 | ||
|---|---|---|---|
| 001 | RU\NLR\BIBL_A\012185017 | ||
| 005 | 20200203110150.0 | ||
| 010 |
_a978-5-91423-163-4 _9500 |
||
| 021 |
_aRU _bКН-П-19-096281 _9КН-П-19-7064 |
||
| 035 | _a(NLR Aleph) 012185017 | ||
| 035 | _a(RuMoRGB)010199408 | ||
| 090 |
_a12289389 _c12289389 |
||
| 100 | _a20200123d2019 k y0rusy50 ca | ||
| 101 | 0 | _arus | |
| 102 | _aRU | ||
| 105 | _aa|||z|||000zy | ||
| 181 | 0 |
_ai _baxxe |
|
| 182 | 0 | _an | |
| 200 | 1 |
_aФормирование алгоритмов и моделей устойчивого развития региона на принципах "зеленой" экономики _eмонография _fТяглов С. Г., Бугаян С. А. _gФедеральное государственное автономное образовательное учреждение высшего образования "Южный федеральный университет" |
|
| 203 |
_aТекст _bвизуальный _cнепосредственный |
||
| 210 |
_aРостов-на-Дону _cСодействие-XXI век _d2019 |
||
| 215 |
_a161 с. _cил., табл. _d20 |
||
| 320 | _aБиблиогр.: с. 151-158 (93 назв.) и в подстроч. примеч. | ||
| 606 | 1 |
_aУстойчивого развития концепция _yРоссийская Федерация _92270123 _3RU\NLR\AUTH\661360677 |
|
| 606 | 1 |
_aЭколого-экономические системы _xМатематическое моделирование _92197166 _3RU\NLR\AUTH\661320475 |
|
| 686 | 1 | _aУ9(2)-961-314(2Р) | |
| 686 | 1 | _aУ28(2)в611 | |
| 700 | 1 |
_7ca _8rus _aТяглов _bС. Г. _f1954- _gСергей Гаврилович _9117374 _3RU\NLR\AUTH\777440 |
|
| 701 | 1 |
_aБугаян _bС. А. _gСусанна Асватуровна |
|
| 942 | _cBOOK | ||
| 980 | _aNBR | ||
| 980 | _aNB | ||